Madonna - Candy Perfume Girl - Lyrics - Statistics

General Stats
  • This quiz has been taken 7 times
  • The average score is 110 of 138
Answer Stats
Answer % Correct
a
100%
A
100%
candy
100%
Candy
100%
girl
100%
I
100%
perfum
100%
perfume
100%
to
100%
you
100%
your
100%
Your
100%
you're
100%
You're
100%
boy
80%
Boy
80%
Did
80%
Every
80%
It's
80%
me
80%
my
80%
see
80%
when
80%
with
80%
Blue
60%
I'm
60%
is
60%
lie
60%
Magic
60%
magic
60%
poison
60%
the
60%
The
60%
velvet
60%
wish
60%
Young
60%
desire
40%
Fly
40%
home
40%
window
40%
center
20%
delicious
20%
Devour
20%
Fever
20%
fires
20%
ghost
20%
Moist
20%
oceans
20%
porcelain
20%
Rush
20%
seas
20%
Speak
20%
steam
20%
warm
20%
nerve
0%
sacred
0%
Throb
0%
No matching quizzes found
Score Distribution
Percent of People with Each Score
Percentile by Number Answered
Your Score History
You have not taken this quiz